Cities of Orange County, California - Statistics

General Stats
  • This quiz has been taken 854 times
  • The average score is 17 of 34
Answer Stats
Hint Answer % Correct
Anaheim
91%
Irvine
84%
Santa Ana
84%
Orange
81%
Huntington Beach
78%
Newport Beach
74%
Laguna Beach
66%
Costa Mesa
60%
Fullerton
60%
Garden Grove
57%
San Clemente
57%
Mission Viejo
55%
Tustin
54%
Seal Beach
51%
Dana Point
50%
Yorba Linda
50%
Laguna Niguel
49%
Buena Park
47%
Laguna Hills
47%
San Juan Capistrano
47%
Westminster
47%
Aliso Viejo
43%
Lake Forest
42%
Brea
40%
Fountain Valley
40%
Rancho Santa Margarita
34%
La Habra
31%
Laguna Woods
29%
Placentia
29%
Cypress
28%
Stanton
26%
Los Alamitos
23%
Villa Park
22%
La Palma
15%
No matching quizzes found
Score Distribution
Percent of People with Each Score
Percentile by Number Answered
Your Score History
You have not taken this quiz